000 00598nam a2200169 i 4500
001 70902
003 ES-MaACL
005 20230906170947.0
007 t|
008 040804s1977 sp ||||1| spa d
100 1 _aGarrorena Morales, Ángel.
_955783
245 1 0 _aAutoritarismo y control parlamentario en la Cortes de Franco /
_cAngel Garrorena Morales.
260 _aMurcia :
_bUniversidad de Murcia, Departamento de Derecho Político,
_c1977.
300 _a428 p. ;
_c22 cm.
710 2 _aUniversidad de Murcia.
_bDepartamento de Derecho Político.
_97232
852 _aES-MaACL
_jA-6715
_bR.95942
999 _c70902
_d70902